00305 a2200133 450000100060000002000180000604000240002410000170004824000320006524500270009730000070012436200090013165000310014012891 a9788540501041 cAnchieta - Aquarius aLuiz Antonio10aUma princesa nada bobalpor10aUma princesa nada boba a640 a2011 4aLiteratura infanto-juvenil